| 000 | 00719nam a2200229Ia 4500 | ||
|---|---|---|---|
| 005 | 20250508163811.0 | ||
| 008 | 008 250505s9999 xx 000 0 eng d | ||
| 020 | _a0-415-16220-3 | ||
| 037 | _aReference | ||
| 040 |
_aFEDL _beng _cFEDL |
||
| 041 |
_aeng _2eng |
||
| 084 |
_a150.9, FUL/RR _qFEDL |
||
| 100 |
_aFuller Ray Ed. _951821 |
||
| 245 | 0 | _aCentury of psychology: Progress,paradigms and prospects for the new millennium | |
| 260 |
_aLondon, UK _bRoutledge _c1997 |
||
| 300 | _axix,329p. | ||
| 365 |
_aGBP _b15.99 |
||
| 650 |
_aPsychology-History _9776398 |
||
| 700 |
_a Walsh Patricia Noonan Ed. McGinley Patrick Ed. _9776399 |
||
| 942 |
_cREF _h150.9, FUL/RR |
||
| 999 |
_c1385333 _d1385333 |
||